Sanat: "Saanko Luvan" Taikakuu - Statistics

Yleistilastot
  • Tätä visaa on pelattu 16 kertaa
  • Keskiarvotulos 110 / 147
Vastaustilastot
Vastaus % Oikein
luvan
100%
saa
100%
saan
100%
Saanko
100%
kun
92%
me
92%
rytmi
92%
sua
92%
Tää
92%
tanssittaa
92%
uudestaan
92%
vielä
92%
jo
83%
kuljettaa
83%
meitä
83%
näin
83%
Nyt
83%
ruusunpunaisiin
83%
käy
75%
minäkin
75%
niin
75%
parketin
75%
sinut
75%
hetkestä
67%
kaukaa
67%
kii
67%
mennä
67%
sieltä
67%
tartuttiin
67%
unelmiin
67%
uskalsin
67%
uskottiin
67%
vain
67%
viereen
67%
viimeinkin
67%
yllättäin
67%
en
58%
iltaa
50%
tätä
50%
vaivuttiin
50%
voi
50%
milloinkaan
42%
unohtaa
42%
viedä
42%
viimeinen
42%
illan
33%
lattiaa
33%
pitkin
33%
soi
33%
Tähän
33%
taivuttiin
33%
toivoen
33%
tunnelmaan
33%
taikaan
25%
tanssin
25%
vaikka
17%
Suuret
8%
tunteet
8%
Ehtoja vastaavia visoja ei löytynyt
Tulosjakauma
Jokaisen tuloksen saaneiden osuus
Persentiili vastausten määrän mukaan
Tuloshistoriasi
Et ole pelannut tätä visaa